00377nam a2200121Ia 4500008004100000082001800041100002500059245001700084260004200101300000900143630001800152650008500170211109s9999||||xx |||||||||||||| ||und|| a821.07bHEA-V aHealth Stubbs John,  0aVerse Satire bOxford University PressaLondonc1969 a120p xGeneral Stack aEnglish literaturev Verse satireHistory and criticism English poetryxEnglish